Представление документа в формате RUSMARC

ПолеНазваниеЗначение
  Тип записи a
  Библиографический уровень m
001 Контрольный номер UONB/MAIN/45bb67217d8e424da0c2940966f6faf5
005 Дата корректировки 20260416160712.2
100 Данные общей обработки __
a Данные общей обработки 20260409d1901 u y0rusy0189 ca
101 Язык документа 0_
a Язык текста rus
102 Страна публикации __
a Страна публикации RU
105 Кодированные данные (монография) __
a Кодированные данные (монография) a z 001yy
200 Заглавие и сведения об ответственности 1_
a Заглавие Очерк материального быта оленных чукчей, составленных на основании коллекций Н. Л. Гондатти, находящихся в Этнографическом музее Императорской Академии наук
e Сведения, относящиеся к заглавию с 25 таблицами рисунков в конце текста
e Сведения, относящиеся к заглавию (доложено в заседании Историко-филологического отделения 26 января 1900 г.)
210 Выходные данные 1_
d Дата издания 1901
215 Физическое описание __
a Объем 67 с.
c Иллюстрации/тип воспроизводства ил., 25 л. табл.
320 Библиография __
a Библиография Указ. фото: с. 60-65
461 Уровень набора _0
1 2001
a Сборник Музея антропологии и этнографии
v Т. 2
1 2101
a Санкт-Петербург
c Наука, Санкт-Петербургское отделение
d 1900-
1 300
a Доп. тит. л. фр.
1 001UONB/MAIN/77ff1e0278f642a191f97e1f573595f3
1 203
a Текст
b визуальный
c непосредственный
1 215
d 30 см
1 71002
a Музей антропологии и этнографии им. Петра Великого (Санкт-Петербург)
4 570
606 Тематические рубрики 0_
a Основная рубрика Народы Севера
x Основная подрубрика Этнография
610 Ключевые слова 0_
a Ключевые слова чукчи этнография; народы Севера; материальный быт оленных чукчей; одежда; украшения; пища чукчей; жилище; охота; идолы и домашние святыни
686 Индексы других классификаций __
a Классификационный индекс 63.521(=65)-4
2 Код системы rubbk
702 Вторичная интеллектуальная ответственность _1
a Фамилия Богораз
b Имя (инициалы) В.Г.
4 Код отношения 220
801 Источник записи _0
a Страна RU
b Организация Ульяновская ОНБ
c Дата составления 20260414
g Правила каталогизации RCR
801 Источник записи _1
a Страна RU
b Организация Ульяновская ОНБ
c Дата составления 20260414
g Правила каталогизации RCR
901 Тип документа __
t Тип документа n
w Контрольный № источника UONB/MAIN/77ff1e0278f642a191f97e1f573595f3
909 Создатель записи __
a Создатель записи Моргунова
b Дата создания записи 20260414